Gusseisenwerkstoffe : Eigenschaften unlegierter und niedriglegierter Gusseisen mit Lamellengraphit/Kugelgraphit/Vermiculargraphit im Temperaturbereich bis 500 C. Teil 1: Textband /

Enregistré dans:
Détails bibliographiques
Auteur principal: Nechtelberger, Erich (Auteur)
Format: Livre
Langue:allemand
Publié: Berlin : Fachverlag Schiele & Schön, 1977
Sujets:
Tags: Ajouter un tag
Pas de tags, Soyez le premier à ajouter un tag!

MARC

LEADER 00000nam a22000003a 4500
001 stu44402
005 20150617225718.0
008 950329s1977----gw------------------ger-d
040 |a STU  |b slo 
041 0 |a ger 
044 |a gw 
080 |a 621.746 
100 1 |a Nechtelberger, Erich  |4 aut 
245 1 |a Gusseisenwerkstoffe :  |b Eigenschaften unlegierter und niedriglegierter Gusseisen mit Lamellengraphit/Kugelgraphit/Vermiculargraphit im Temperaturbereich bis 500 C. Teil 1: Textband /  |c [aut.]Erich Nechtelberger 
260 |a Berlin :  |b Fachverlag Schiele & Schön,  |c 1977 
300 |a 201 s 
650 7 |a liatie  |2 stusub 
650 7 |a odlievanie  |2 stusub 
650 7 |a liatiny  |2 stusub 
996 |b 284M025676  |c M*9044/1-1  |l MMKN  |s A  |a 24  |w stu44402_0001